Bharat mein rajniti: kal aur aaj (Record no. 6783)
[ view plain ]
| 000 -LEADER | |
|---|---|
| fixed length control field | 00359nam a2200145Ia 4500 |
| 020 ## - INTERNATIONAL STANDARD BOOK NUMBER | |
| ISBN | 8181433718 |
| 082 ## - DEWEY DECIMAL CLASSIFICATION NUMBER | |
| Classification number | 320.954 KOT-B |
| 100 ## - MAIN ENTRY--AUTHOR NAME | |
| Personal name | Kothari, Rajni |
| 245 #0 - TITLE STATEMENT | |
| Title | Bharat mein rajniti: kal aur aaj |
| 260 ## - PUBLICATION, DISTRIBUTION, ETC. (IMPRINT) | |
| Place of publication | New Delhi |
| Name of publisher | Vani Prakashan |
| Year of publication | 2005 |
| 300 ## - PHYSICAL DESCRIPTION | |
| Number of Pages | 516 |
| 650 ## - SUBJECT ADDED ENTRY--TOPICAL TERM | |
| Topical Term | India |
| Form subdivision | Politics and government |
| 700 ## - ADDED ENTRY--PERSONAL NAME | |
| Personal name | Dubey, Abhay Kumar |
| 942 ## - ADDED ENTRY ELEMENTS (KOHA) | |
| Koha item type | Books |
| Withdrawn status | Lost status | Damaged status | Not for loan | Home library | Current library | Date acquired | Bill Date | Full call number | Accession Number | Price effective from | Koha item type |
|---|---|---|---|---|---|---|---|---|---|---|---|
| NASSDOC Library | NASSDOC Library | 27/04/2009 | 2009-03-27 | 320.954 KOT-B | 45641 | 18/04/2019 | Books |
